<?xml version="1.0" encoding="UTF-8"?>
<record
    xmlns:xsi="http://www.w3.org/2001/XMLSchema-instance"
    xsi:schemaLocation="http://www.loc.gov/MARC21/slim http://www.loc.gov/standards/marcxml/schema/MARC21slim.xsd"
    xmlns="http://www.loc.gov/MARC21/slim">

  <leader>01554nam a2200349 i 4500</leader>
  <controlfield tag="003">BUEsh</controlfield>
  <controlfield tag="005">20240219154234.0</controlfield>
  <controlfield tag="008">170214s2012    ua     gr     000 0 ara d</controlfield>
  <datafield tag="017" ind1=" " ind2=" ">
    <subfield code="a">2011 / 17077</subfield>
  </datafield>
  <datafield tag="020" ind1=" " ind2=" ">
    <subfield code="a">9789774990372</subfield>
  </datafield>
  <datafield tag="040" ind1=" " ind2=" ">
    <subfield code="a">EG-ScBUE</subfield>
    <subfield code="b">ara</subfield>
    <subfield code="e">rda</subfield>
    <subfield code="c">EG-ScBUE</subfield>
    <subfield code="d">BUEsh</subfield>
  </datafield>
  <datafield tag="043" ind1=" " ind2=" ">
    <subfield code="a">f-ua---</subfield>
  </datafield>
  <datafield tag="082" ind1="0" ind2="4">
    <subfield code="a">956.048</subfield>
    <subfield code="b">&#x634; &#x627; &#x630;</subfield>
    <subfield code="2">22</subfield>
  </datafield>
  <datafield tag="100" ind1="1" ind2=" ">
    <subfield code="a">&#x634;&#x627;&#x630;&#x644;&#x64A;&#x60C; &#x633;&#x639;&#x62F; &#x627;&#x644;&#x62F;&#x64A;&#x646;&#x60C; </subfield>
    <subfield code="d">1922-2011&#x60C;</subfield>
    <subfield code="e">&#x645;&#x624;&#x644;&#x641;.</subfield>
  </datafield>
  <datafield tag="245" ind1="1" ind2="0">
    <subfield code="a">&#x62D;&#x631;&#x628; &#x623;&#x643;&#x62A;&#x648;&#x628;&#x631; :</subfield>
    <subfield code="b">&#x645;&#x630;&#x643;&#x631;&#x627;&#x62A; &#x627;&#x644;&#x634;&#x627;&#x630;&#x644;&#x64A;.</subfield>
  </datafield>
  <datafield tag="246" ind1="3" ind2="4">
    <subfield code="a">&#x645;&#x630;&#x643;&#x631;&#x627;&#x62A; &#x627;&#x644;&#x641;&#x631;&#x64A;&#x642; &#x633;&#x639;&#x62F; &#x627;&#x644;&#x62F;&#x64A;&#x646; &#x627;&#x644;&#x634;&#x627;&#x630;&#x644;&#x64A;</subfield>
  </datafield>
  <datafield tag="250" ind1=" " ind2=" ">
    <subfield code="a">&#x627;&#x644;&#x637;&#x628;&#x639;&#x629; &#x627;&#x644;&#x62B;&#x627;&#x644;&#x62B;&#x629;.</subfield>
  </datafield>
  <datafield tag="264" ind1=" " ind2="1">
    <subfield code="a">&#x627;&#x644;&#x642;&#x627;&#x647;&#x631;&#x629; :</subfield>
    <subfield code="b">&#x631;&#x624;&#x64A;&#x629; &#x644;&#x644;&#x646;&#x634;&#x631; &#x648;&#x627;&#x644;&#x62A;&#x648;&#x632;&#x64A;&#x639;&#x60C;</subfield>
    <subfield code="c">2012.</subfield>
  </datafield>
  <datafield tag="300" ind1=" " ind2=" ">
    <subfield code="a">613 &#x635;&#x641;&#x62D;&#x629; :</subfield>
    <subfield code="b">&#x62E;&#x631;&#x627;&#x626;&#x637; &#x61B;</subfield>
    <subfield code="c">24 &#x633;&#x645;</subfield>
  </datafield>
  <datafield tag="336" ind1=" " ind2=" ">
    <subfield code="2">rdacontent</subfield>
    <subfield code="a">&#x646;&#x635;</subfield>
    <subfield code="b">txt</subfield>
  </datafield>
  <datafield tag="337" ind1=" " ind2=" ">
    <subfield code="a">&#x628;&#x62F;&#x648;&#x646; &#x648;&#x633;&#x64A;&#x637;</subfield>
    <subfield code="2">rdamedia</subfield>
    <subfield code="b">n</subfield>
  </datafield>
  <datafield tag="338" ind1=" " ind2=" ">
    <subfield code="a">&#x645;&#x62C;&#x644;&#x62F;</subfield>
    <subfield code="b">nc</subfield>
    <subfield code="2">rdacarrier</subfield>
  </datafield>
  <datafield tag="500" ind1=" " ind2=" ">
    <subfield code="a">&#x62A;&#x62A;&#x636;&#x645;&#x646; &#x637;&#x628;&#x639;&#x62A;&#x646;&#x627; &#x627;&#x644;&#x62C;&#x62F;&#x64A;&#x62F;&#x629; &#x648;&#x627;&#x644;&#x643;&#x627;&#x645;&#x644;&#x629; &#x647;&#x630;&#x647; &#x62A;&#x639;&#x644;&#x64A;&#x642;&#x627;&#x62A; &#x627;&#x644;&#x646;&#x642;&#x627;&#x62F; &#x648;&#x627;&#x644;&#x631;&#x62F;&#x648;&#x62F; &#x639;&#x644;&#x64A;&#x647;&#x627; &#x648;&#x645;&#x644;&#x62D;&#x642;&#x627; &#x628;&#x627;&#x644;&#x62E;&#x631;&#x627;&#x626;&#x637; &#x627;&#x644;&#x639;&#x633;&#x643;&#x631;&#x64A;&#x629;.</subfield>
  </datafield>
  <datafield tag="600" ind1="1" ind2="7">
    <subfield code="a">&#x634;&#x627;&#x630;&#x644;&#x64A;&#x60C; &#x633;&#x639;&#x62F; &#x627;&#x644;&#x62F;&#x64A;&#x646;&#x60C; </subfield>
    <subfield code="d">1922-2011</subfield>
    <subfield code="v">&#x64A;&#x648;&#x645;&#x64A;&#x627;&#x62A;.</subfield>
    <subfield code="2">BUEsh</subfield>
  </datafield>
  <datafield tag="600" ind1="1" ind2="7">
    <subfield code="a">&#x633;&#x627;&#x62F;&#x627;&#x62A;&#x60C; &#x645;&#x62D;&#x645;&#x62F; &#x623;&#x646;&#x648;&#x631;&#x60C;  </subfield>
    <subfield code="d">1918-1981.</subfield>
    <subfield code="2">BUEsh</subfield>
  </datafield>
  <datafield tag="650" ind1=" " ind2="7">
    <subfield code="a">&#x627;&#x644;&#x62D;&#x631;&#x628; &#x627;&#x644;&#x639;&#x631;&#x628;&#x64A;&#x629; &#x627;&#x644;&#x625;&#x633;&#x631;&#x627;&#x626;&#x64A;&#x644;&#x64A;&#x629;&#x60C; 1973</subfield>
    <subfield code="v">&#x645;&#x631;&#x648;&#x64A;&#x627;&#x62A; &#x634;&#x62E;&#x635;&#x64A;&#x629;. </subfield>
    <subfield code="2">BUEsh</subfield>
  </datafield>
  <datafield tag="650" ind1=" " ind2="7">
    <subfield code="a">&#x627;&#x644;&#x639;&#x633;&#x643;&#x631;&#x64A;&#x648;&#x646; &#x627;&#x644;&#x645;&#x635;&#x631;&#x64A;&#x648;&#x646;</subfield>
    <subfield code="v">&#x62A;&#x631;&#x627;&#x62C;&#x645;.</subfield>
    <subfield code="2">BUEsh</subfield>
  </datafield>
  <datafield tag="651" ind1=" " ind2="7">
    <subfield code="a">&#x645;&#x635;&#x631;</subfield>
    <subfield code="x">&#x62A;&#x627;&#x631;&#x64A;&#x62E;</subfield>
    <subfield code="y">&#x623;&#x646;&#x648;&#x631; &#x627;&#x644;&#x633;&#x627;&#x62F;&#x627;&#x62A;&#x60C; 1970-1981  </subfield>
    <subfield code="v">&#x645;&#x631;&#x648;&#x64A;&#x627;&#x62A; &#x634;&#x62E;&#x635;&#x64A;&#x629;.</subfield>
    <subfield code="2">BUEsh</subfield>
  </datafield>
  <datafield tag="653" ind1=" " ind2=" ">
    <subfield code="b">GGEN</subfield>
    <subfield code="c">February2017</subfield>
  </datafield>
  <datafield tag="655" ind1=" " ind2=" ">
    <subfield code="v">Reading book</subfield>
  </datafield>
  <datafield tag="942" ind1=" " ind2=" ">
    <subfield code="2">ddc</subfield>
  </datafield>
  <datafield tag="999" ind1=" " ind2=" ">
    <subfield code="c">24154</subfield>
    <subfield code="d">24126</subfield>
  </datafield>
  <datafield tag="952" ind1=" " ind2=" ">
    <subfield code="0">0</subfield>
    <subfield code="1">0</subfield>
    <subfield code="2">ddc</subfield>
    <subfield code="4">0</subfield>
    <subfield code="7">0</subfield>
    <subfield code="8">Alahram</subfield>
    <subfield code="a">MAIN</subfield>
    <subfield code="b">MAIN</subfield>
    <subfield code="c">2ND</subfield>
    <subfield code="d">2017-02-14</subfield>
    <subfield code="e">Purchase</subfield>
    <subfield code="g">70.00</subfield>
    <subfield code="h">21039</subfield>
    <subfield code="o">956.048 &#x634; &#x627; &#x630;</subfield>
    <subfield code="p">000045433</subfield>
    <subfield code="r">2025-07-15 00:00:00</subfield>
    <subfield code="s">2024-12-17</subfield>
    <subfield code="v">87.50</subfield>
    <subfield code="y">BB</subfield>
  </datafield>
</record>
